000 02924 a2200145 4500
003 OSt
005 20260211115408.0
008 260211b |||||||| |||| 00| 0 eng d
100 _aतोमर ल.
_9216708
245 _aविद्याभरतीच्या चिंतनाची दिशा
260 _bभारतीय विचार साधना प्रकाशन
_c2022
_aपुणे
300 _a208pp.
520 _aविद्याभारतीची चिंतनाची दिशा ही भारतीय संस्कृती, मूल्ये आणि राष्ट्रवादावर आधारित 'विद्या भारती' (Vidya Bharati) शिक्षण संस्थेच्या विचारसरणीशी सुसंगत आहे. यामध्ये शिक्षणाद्वारे शारीरिक, मानसिक, बौद्धिक आणि आध्यात्मिक विकासावर भर दिला जातो, ज्यामध्ये संस्कार, मातृभाषा आणि भारतीय संस्कृतीचे जतन करणे ही प्रमुख उद्दिष्टे असतात. संस्कारयुक्त शिक्षण: केवळ पुस्तकी ज्ञान नाही, तर चारित्र्य घडवणारे शिक्षण देणे. भारतीय संस्कृती आणि राष्ट्रप्रेम: विद्यार्थ्यांमध्ये राष्ट्रीय अभिमान, स्वदेशीचा अभिमान आणि संस्कृतीबद्दल आदर रुजवणे. मातृभाषेतून शिक्षण: शिक्षणाचे माध्यम मातृभाषा असण्यावर भर, जेणेकरून संकल्पना स्पष्ट होतील. सर्वांगीण विकास: शैक्षणिक कामगिरीसोबतच शारीरिक (खेळ, योग) आणि मानसिक (प्राणायम, ध्यान) वाढीवर भर. विद्यार्थी दशा आणि दिशा: ऐतिहासिक आणि थोर व्यक्तींचे आदर्श विद्यार्थ्यांसमोर ठेवून त्यांच्या व्यक्तिमत्त्वाचा विकास करणे. थोडक्यात, विद्याभारतीची विचारसरणी 'राष्ट्रभक्ती आणि संस्कृतीसहित आधुनिक शिक्षण' अशी आहे.
942 _cBK
_2ddc
999 _c370185
_d370185